01544nam a2200337 a 450000500170000000800410001702000150005804100080007309200210008110000350010224500970013725000110023426000440024530000110028950001380030059000390043865300950047765300270057265300310059965300840063065300320071465300570074665300710080370000390087470000300091370000320094370000310097594200120100699900150101895201730103320240412132452.0100708e1998||||ag f |||| 001 0 spa d a9500371847 aspa c170.202l79sSID1 aSidicaro, RicardoeComp.93172 3aLa Argentina de los jóvenes.bEntre la indiferencia y la indignación /cRicardo Sidicaro a1a ed. aBuenos Aires: bUNICEF ; Losada;c1998. a157 p. aSidicaro, R. et al. (1998). La argentina de los jóvenes. Entre la indiferencia y la indignación. (1a ed.). Buenos Aires : Losada. aDonación Dora Vera, febrero 2017 3aLa gran mutacion de la Argentina de los 90: crisis de valores y el problema de los jovenes aExpectativas y valores aVisiones sobre la politica 4aLos jovenes de la region metropolitana: sus sensibilidades sociales y politicas aTrabajo "en negro" y drogas aDebilitamiento del tejido social y muertes violentas aActividades culturales de los jovenes en la ciudad de Buenos Aires1 aTenti Fanfani, EmilioeComp.931731 aPaura, VilmaeComp.931741 aBonaldi, PabloeComp.931751 aKozel, AndreseComp.93176 2ddccBK c2346d2346 00102ddc4070aBFMbBFMcCRd2017-03-01eDonacion Dora Vera, febrero 2017l0o170.022 79 SIDp3814r2017-03-01tEj.1w2017-03-01yBKzDonacion Dora Vera, febrero 2017